00787nam a22002057a 450000500170000001000150001702000270003203500130005903700130007208200130008510000410009824500910013926000390023027000630026930000350033250000400036794200270040799900170043495201300045120100816141711.0 aENG-100690 a9788190480901c1850.00 aEN-84223 bDBAD/PUB a954.6104 aArundale, Sheela Chandralekha914046 aCall of the divine :ban enduring Himalayan odyssey /cby Sheela Chandralekha Arundale aTiruvannamalaibShivani Pub.c2010 a93, Manakula Vinayagar Koil StreetbTiruvannamalaie606603 axiii, 339 p. :b26cm (Hb)cill aIncludes bibliographical references 2ddccENh954.6104mARU c42153d42153 001040718NFICaDBADbDBADd2010-08-16g1850.00l0o954.6104 ARUpEN-84223r2010-08-16 00:00:00t1v1850.00w2010-08-16yEN